Deutsch 2000 : Lektüren zu Band 3 /

Gespeichert in:
Bibliographische Detailangaben
Weitere Verfasser: Wecker, Ingrid (edición) (edición)
Format: Buch
Sprache:German
Veröffentlicht: Munich, Alemania : Max Hueber, 1977, c1977
Schlagworte:
Tags: Tag hinzufügen
Keine Tags, Fügen Sie das erste Tag hinzu!

MARC

LEADER 00000nam^a2200000^a^4500
001 000624715
005 20251125000000.0
009 20260526154430.848
020 |a 3-19-231182-7 
037 |a Acervo ITESO - Biblioteca 
041 |a ALE 
082 |a 435.  |b DEU LEK V. 3 
245 1 0 |a Deutsch 2000 :  |b Lektüren zu Band 3 /  |c Ed. de I. Wecker 
264 4 |a Munich, Alemania :  |b Max Hueber,  |c 1977, c1977 
300 |a 64 p. 
336 |a texto  |b txt  |2 rdacontenido 
337 |a sin mediación  |b n  |2 rdamedio 
338 |a volumen  |b nc  |2 rdasoporte 
649 |a XX 
650 |a Alemán como Lengua Extranjera -  |x Estudio y Enseñanza -  |x Tema Principal 
650 |a Alemán -  |x Estudio y Enseñanza -  |x Tema Principal 
650 |a Lenguas Extranjeras -  |x Estudio y Enseñanza 
650 |a Lenguas Germánicas -  |x Estudio y Enseñanza 
650 |a Lenguas Indo-Europeas -  |x Estudio y Enseñanza 
650 |a Cuentos Alemanes  |x Literatura Alemana -  |x Siglo XX 
650 |a Lingüística 
700 |a Wecker, Ingrid  |e (edición) 
910 |a Fondo General 
920 |a Impresos - Libros 
930 |a Colección General 
905 |a 101 
901 |a 624715-10  |b IT1  |c ACC  |i D  |u 20251125 
902 |a https://opac.biblio.iteso.mx/vufind/Record/000624715